Movies Quiz

Random Movies or Disney Quiz
Score 0/9 Timer 02:00
0 Plays Today
% Correct
Cinderella
98.2%
Mulan
97%
Beauty and the beast
97%
The Little Mermaid
95.8%
Snow white
94.6%
Pocahontas
93.4%
Sleeping beauty
92.8%
The Princess And The Frog
92.8%
Tangled
90.4%
Remove Ads.
Support Sporcle.
Get the best of Sporcle when you Go Orange. This ad-free experience offers more features, more stats, and more fun while also helping to support Sporcle. Thank you for becoming a member.

You're not logged in!

Compare scores with friends on all Sporcle quizzes.
OR
Log In

Sporcle TV

Today on Sporcle TV


Watch our educational content, quiz creation guides, and fun videos on Sporcle TV.

Show Comments

Extras

Created Apr 15, 2019ReportNominate
Tags:Disney Quiz, bag

Top Quizzes Today


Score Distribution

Paid Content

Your Account Isn't Verified!

In order to create a playlist on Sporcle, you need to verify the email address you used during registration. Go to your Sporcle Settings to finish the process.

Report this User

Report this user for behavior that violates our Community Guidelines.

Details: